000 00657nam a22002057a 4500
005 20250711124342.0
010 _aENG-145936
020 _a9789391772031
_c160.00
035 _aEN-129468
037 _bDBAD
082 _a357.091724
_21
245 _aHolistic Business Environment in Corona Phase/
_cEdited By Guru P [and] Sathyapriya J
250 _a1
260 _aChennai
_bForschung Publications
_c202
270 _aMogappair
_bChennai
_k9626166683
_mforchungpublications@gmail.com
300 _a104p.
_c24cm(pb)
700 _aGuru P
_eEditor
_982927
700 _aSathyapriya J
_eEditor
_982933
942 _2ddc
_cEN
_h357.091724
_mHOL
999 _c212342
_d212342